Statistics for Category Elimination - Physical Geography

Click here to take the quiz!

General Stats

  • This quiz has been taken 1,122 times
  • The average score is 14 of 20

Answer Stats

Group#Category% Correct
Green180Islands larger than 2500km²
98%
Green126not in Russia, Canada, or Alaska
97%
Blue392Rivers longer than 200mi (321km)
92%
Green29entirely north of the Tropic of Cancer
92%
Green24not in the Mediterranean
90%
Blue91in the Americas
90%
Blue40that are not tributaries
89%
Purple477Mountain Peaks above 14,000ft (4267m)
89%
Blue11running through 2 or more countries
84%
Purple211Not in Asia or Alaska
78%
Orange86Tectonic Plates*
68%
Orange23which are less than 50% oceanic
60%
Purple135in the Northern Hemisphere
55%
Purple46which starts with "Mount" or "Mont"
52%
Orange6bordering the Pacific Plate
48%
Green1containing two independent statesIreland
48%
Blue1forming more than 1,000km (621mi) of an international borderRio Grande
48%
Orange4larger than 20,000,000km²
47%
Purple1which is one of the Seven SummitsMount Elbrus
45%
Orange1more than 80% in the Eastern HemisphereEurasian Plate
35%

Score Distribution

Percentile by Number Answered

Percent of People with Each Score

Your Score History

You have not taken this quiz